| 000 | 00366nam a2200145Ia 4500 | ||
|---|---|---|---|
| 008 | 130318s9999 xx 000 0 und d | ||
| 020 | _a9788184047332 | ||
| 082 | _a005.432A ROG/A | ||
| 100 | _aRogers, Rick. et.al | ||
| 245 | _aAndroid:Application development | ||
| 260 |
_bO'Reilly _aU.S.A _c2009 |
||
| 300 | _a318 | ||
| 650 | _aANDROID | ||
| 650 | _aOPERATING SYSTEM | ||
| 999 |
_c2135 _d2135 |
||